000
00212nam a2200097Ia 4500
008
220204s9999 xx 000 0 und d
082
_a
82-3
_b
HUN
100
_a
Hunter, Evan
245
0
_a
Second ending
942
_c
BK
999
_c
30998
_d
30998